00494nam a2200145Ia 4500008004100000020001800041082001400059100003200073245006700105260001500172500000700187942000700194952013200201999001500333260604s9999 xx 000 0 und d a9780749480981 a658.3 WIN aDaniel wintersberger935781 0aInternational Human Resource Management: A Case Study Approach bKOGAN PAGE aHR cBK 00104070aIIMVbIIMVcREFERENCEd2026-06-04g5565.97l0o658.3 WINp004229r2026-06-04 10:20:55v5565.97w2026-06-04yBKBWIN c8611d8611